Örgütlü toplumlarla dayanışma (Record no. 2177)
[ view plain ]
| 000 -BAŞLIK | |
|---|---|
| Sabit Uzunlukta Kontrol Alanı | 01000na a2200277 4500 |
| 001 - KONTROL NUMARASI | |
| Denetim Alanı | 22791 |
| 003 - KONTROL NUMARASI IDENTIFIER | |
| Denetim Alanı | MIRAKIL |
| 005 - SON İŞLEM TARİHİ VE ZAMANI | |
| Denetim Alanı | 20181213154848.0 |
| 008 - SABİT-BOY VERİ ELEMANLARI - GENEL BİLGİLER | |
| Sabit Uzunlukta Kontrol Alanı | 170225b tu 000 0 |
| 040 ## - KATALOGLAMA KAYNAK | |
| Orijinal Kataloglama Ajansı | Milas |
| Kataloglama Dili | tur |
| Metne Dönüştürmek Ajansı | TR-AnCHP |
| 041 ## - DİL KODU | |
| Metin / Ses Parça Veya Ayrı Başlığın Dil Kodu | tur |
| 082 ## - DEWEY ONLU SINIFLANDIRMA NUMARASI | |
| Sınıflandırma Numarası | CHP 366.0681 |
| Ürün Numarası | C36s [t.y.] |
| 090 ## - SINIFLAMA NUMARASI | |
| Sınıflama Numarası | CHP 366.0681 C36s [t.y.] |
| 245 ## - BAŞLIK TABLOSU | |
| Başlık | Örgütlü toplumlarla dayanışma |
| Sorumluluk Tablosu, Vb | CHP Çankaya |
| 246 ## - UNVAN FORM VARYING | |
| Başlık Doğru / Kısa Başlığı | Gönüllü sivil toplum kuruluşları |
| 246 ## - UNVAN FORM VARYING | |
| Başlık Doğru / Kısa Başlığı | Sivil toplum örgütleri |
| 260 ## - YAYIN, DAĞITIM, VB | |
| Yayın, Dağıtım, Vb Yeri | Ankara |
| Yayıncı, Dağıtıcı, Vs Adı | CHP |
| Yayın, Dağıtım, Vb Tarihi | [t.y.] |
| 300 ## - FİZİKSEL TANIM | |
| Kapsam | yklş. 40 s. |
| Diğer Fiziksel Ayrıntıları | rnkl. fotg. |
| Boyutlar | 21x29 sm. |
| 500 ## - GENEL NOT | |
| Genel Not | CHP Çankaya'nın çeşitli STK'larla birlikte düenlemiş olduğu etkinlik ve eylemlerden fotoğraflar yer almaktadır |
| 610 ## - KONU KATMA GİRİŞ - TOPLANTI ADI | |
| Giriş Elemanı Olarak Kurumsal Ad Veya Yargı Alanı Adı | CHP |
| Genel Alt Bölüm | Sivil toplum kuruluşları (STK) |
| Kronolojik Alt Bölüm | Raporlar |
| 610 ## - KONU KATMA GİRİŞ - TOPLANTI ADI | |
| Giriş Elemanı Olarak Kurumsal Ad Veya Yargı Alanı Adı | CHP |
| Genel Alt Bölüm | İl ve ilçe teşkilatları |
| Kronolojik Alt Bölüm | Siyasal katılım |
| 610 ## - KONU KATMA GİRİŞ - TOPLANTI ADI | |
| Giriş Elemanı Olarak Kurumsal Ad Veya Yargı Alanı Adı | CHP |
| Genel Alt Bölüm | STK politikası |
| 650 ## - KONU KATMA GİRİŞ - TOPİKAL DÖNEM | |
| Topikal Süreli Veya Coğrafi Ad Giriş Elemanı | Sivil toplum kuruluşları (STK) |
| Genel Alt Bölümü | Siyasal etkinlik |
| Coğrafi Alt Bölümü | Türkiye |
| 942 ## - EKLENDİ GİRİŞ ELEMANLARI (KOHA) | |
| Sınıflandırma Veya Raf Düzeni Kaynak | |
| Koha Öğesi Türü | Books |
| 999 ## - SİSTEM KONTROL NUMARALARI (KOHA) | |
| Koha Biblionumber | 2177 |
| Koha Biblioitemnumber | 2177 |
| Kalıcı Konum | Mevcut Konum | Edinme Tarihi | Edinim Kaynak | Toplam Check-Out'Lar | Tam Çağrı Numarası | Barkod | Tarih Son Görülme | İtibaren Geçerli Fiyatlar | Koha Öğesi Türü |
|---|---|---|---|---|---|---|---|---|---|
| CHP Kütüphanesi | CHP Kütüphanesi | 02/25/2017 | Bağış | CHP 366.0681 C36s [t.y.] | 016481 | 02/25/2017 | 02/25/2017 | Books |
